000 00653nam a2200205Ia 4500
003 GCL
008 140319s9999 xx 000 0 ara d
040 _aGCL /
_cGCL
082 0 4 _a816
_bم ر
100 1 _aابوالعلاء المعرى
245 1 0 _aرسالة الصاهل والشاحج /
_cابوالعلاء المعرى
700 1 _aعائشة عبدالرحمن
260 _aالقاهرة :
_bدار المعارف ،
_c1984
300 _a807 ص
490 _aذخائر العرب
_v51
650 0 4 _aالادب العربى
650 0 4 _aالرسائل العربية
650 0 4 _aالرسائل فى الادب
942 _2ddc
_cBK
999 _c28423
_d28423